| 000 | 00699nam a2200217Ia 4500 | ||
|---|---|---|---|
| 005 | 20221122094337.0 | ||
| 008 | 131103s9999 xx 000 0 und d | ||
| 020 |
_a192811037 _cGBP 29881 |
||
| 040 | _aLoreto College | ||
| 041 | _aEnglish | ||
| 082 |
_a821.7 _bWOR-MOO |
||
| 245 |
_aJournals of Dorothy Wordsworth _b the Alfoxden journal 1798 : the Grasmere journals 1800 - 1830 _cWith an introduction by Helen Darbishire; second edition by Mary Moorman |
||
| 250 | _a2nd ed. | ||
| 260 |
_aOxford _bOxford University Press _c1985 |
||
| 300 | _a232 p. | ||
| 504 | _aIncludes appendix and index | ||
| 650 | _aEnglish Poetry | ||
| 700 | _aDarbishire,Helen | ||
| 850 | _aLCLIB | ||
| 942 | _cBK | ||
| 999 |
_c21453 _d71932 |
||